Being Of Bhasha: A Gegeral Introduction, Vol: One (Record no. 39096)

MARC details
000 -LEADER
fixed length control field 00510nam a2200193Ia 4500
008 - FIXED-LENGTH DATA ELEMENTS--GENERAL INFORMATION
fixed length control field 220531s9999 xx 000 0 und d
041 ## - LANGUAGE CODE
Language code of text/sound track or separate title eng
082 ## - DEWEY DECIMAL CLASSIFICATION NUMBER
Classification number -
Item number DEV
100 ## - MAIN ENTRY--PERSONAL NAME
Personal name Devy, G. N. Ed.
9 (RLIN) 69729
245 ## - TITLE STATEMENT
Title Being Of Bhasha: A Gegeral Introduction, Vol: One
250 ## - EDITION STATEMENT
Edition statement 1ST
260 ## - PUBLICATION, DISTRIBUTION, ETC. (IMPRINT)
Place of publication, distribution, etc. New Delhi
Name of publisher, distributor, etc. Orient Black Swan
Date of publication, distribution, etc. 2014
300 ## - PHYSICAL DESCRIPTION
Extent 130
542 ## - INFORMATION RELATING TO COPYRIGHT STATUS
Copyright holder 21-04-2015
551 ## -
-- English
-- Non-grant-ENG
650 ## - SUBJECT ADDED ENTRY--TOPICAL TERM
Topical term or geographic name as entry element Language
9 (RLIN) 69730
906 ## - LOCAL DATA ELEMENT F, LDF (RLIN)
d 2015-2016
f 7267
Holdings
Withdrawn status Lost status Source of classification or shelving scheme Damaged status Not for loan Collection code Home library Current library Date acquired Vendor Cost, normal purchase price Total Checkouts Total Holds Full call number Barcode Date last seen Bill Date Koha item type Original Barcode
    Dewey Decimal Classification       Shri Siddhivinayak Mahila Mahavidyalaya Shri Siddhivinayak Mahila Mahavidyalaya 21/04/2015 Systems Sales 790.00   3 -/DEV/B/20564 SSMM-BK-20564 06/08/2022 06/08/2022 Books 010020564